[Event "Bundesliga 0102"]
[Site "Deutschland"]
[Date "2001.10.07"]
[Round "2.8"]
[White "Kachiani Gersinska, Ketino"]
[Black "Berger, Steve"]
[Result "1-0"]
[WhiteElo "2453"]
[BlackElo "2311"]
[PlyCount "89"]
[EventDate "2001.10.06"]
[EventType "team"]
[EventRounds "15"]
[EventCountry "GER"]
[SourceTitle "Bundesliga 0102"]
[Source "DeepChess"]
[SourceDate "2005.01.01"]
[SourceVersion "1"]
[SourceVersionDate "2005.01.01"]
[SourceQuality "1"]
[WhiteTeam "TV Tegernsee"]
[BlackTeam "SC Koenigsspringer 1984 Hamburg"]
[WhiteTeamCountry "GER"]
[BlackTeamCountry "GER"]

1. d4 g6 2. c4 Bg7 3. Nc3 d6 4. e4 Nf6 5. Be2 O-O 6. Bg5 c5 7. d5 e6 8. Qd2 Qa5
9. Nf3 exd5 10. exd5 Bg4 11. O-O Nbd7 12. Rac1 Rfe8 13. h3 Bxf3 14. Bxf3 h5 15.
Qc2 a6 16. a4 Nh7 17. Bd2 Qc7 18. Rce1 Be5 19. Bd1 h4 20. f4 Bd4+ 21. Kh2 f5
22. a5 Ndf8 23. Ne2 Bf6 24. Ng1 Rxe1 25. Rxe1 Qf7 26. Nf3 Re8 27. Rxe8 Qxe8 28.
b4 Nd7 29. b5 Qe4 30. b6 Kf7 31. Qxe4 fxe4 32. Ng1 Bd4 33. Ba4 Nb8 34. Be1 g5
35. fxg5 Nf8 36. Bxh4 Bc3 37. Bg3 Ke7 38. h4 Bxa5 39. h5 Bc3 40. g6 Nfd7 41. h6
Nf6 42. Ne2 Bb2 43. Bh4 Kf8 44. Bxf6 Bxf6 45. Nf4 1-0

[Event "Bundesliga 0102"]
[Site "Deutschland"]
[Date "2001.10.07"]
[Round "2.1"]
[White "Movsesian, Sergei"]
[Black "Solleveld, Maarten"]
[Result "1-0"]
[WhiteElo "2627"]
[BlackElo "2427"]
[PlyCount "61"]
[EventDate "2001.10.06"]
[EventType "team"]
[EventRounds "15"]
[EventCountry "GER"]
[SourceTitle "Bundesliga 0102"]
[Source "DeepChess"]
[SourceDate "2005.01.01"]
[SourceVersion "1"]
[SourceVersionDate "2005.01.01"]
[SourceQuality "1"]
[WhiteTeam "SF Neukoelln 03 e.V."]
[BlackTeam "SGEM Heiligenhaus 1937 e. V."]
[WhiteTeamCountry "GER"]
[BlackTeamCountry "GER"]

1. e4 e5 2. Nf3 Nc6 3. Bb5 a6 4. Ba4 Nf6 5. O-O b5 6. Bb3 Be7 7. d4 d6 8. c3
O-O 9. Nbd2 Bb7 10. Re1 Re8 11. Ng5 Rf8 12. Nf1 Na5 13. Bc2 Nc4 14. Ng3 h6 15.
Nf3 Re8 16. a4 Bf8 17. a5 exd4 18. cxd4 c5 19. b3 Nxa5 20. e5 dxe5 21. dxe5 Nd5
22. Qd3 g6 23. e6 f5 24. Nxf5 gxf5 25. Qxf5 Re7 26. Bb2 Nc6 27. Qg6+ Bg7 28.
Qh7+ Kf8 29. Nh4 Bxb2 30. Ng6+ Ke8 31. Qg8# 1-0

[Event "Bundesliga 0102"]
[Site "Deutschland"]
[Date "2001.10.07"]
[Round "2.2"]
[White "Berkvens, Joost"]
[Black "Stohl, Igor"]
[Result "0-1"]
[WhiteElo "2444"]
[BlackElo "2533"]
[PlyCount "52"]
[EventDate "2001.10.06"]
[EventType "team"]
[EventRounds "15"]
[EventCountry "GER"]
[SourceTitle "Bundesliga 0102"]
[Source "DeepChess"]
[SourceDate "2005.01.01"]
[SourceVersion "1"]
[SourceVersionDate "2005.01.01"]
[SourceQuality "1"]
[WhiteTeam "SGEM Heiligenhaus 1937 e. V."]
[BlackTeam "SF Neukoelln 03 e.V."]
[WhiteTeamCountry "GER"]
[BlackTeamCountry "GER"]

1. d4 Nf6 2. c4 e6 3. Nc3 Bb4 4. e3 c5 5. Nge2 cxd4 6. exd4 O-O 7. a3 Be7 8.
Nf4 d6 9. Be2 a6 10. Be3 Nbd7 11. O-O Re8 12. b4 b6 13. Qb3 Bb7 14. Rfc1 g6 15.
Nd3 Ne4 16. c5 Nxc3 17. Rxc3 dxc5 18. bxc5 Bd5 19. Qc2 bxc5 20. dxc5 Bf6 21.
Rc1 Bxc3 22. Qxc3 Qf6 23. c6 Qxc3 24. Rxc3 Nf6 25. Nb4 a5 26. Na6 Rec8 0-1

[Event "Bundesliga 0102"]
[Site "Deutschland"]
[Date "2001.10.07"]
[Round "2.3"]
[White "Berndt, Stephan"]
[Black "Van de Plassche, Bas"]
[Result "1-0"]
[WhiteElo "2479"]
[BlackElo "2365"]
[PlyCount "37"]
[EventDate "2001.10.06"]
[EventType "team"]
[EventRounds "15"]
[EventCountry "GER"]
[SourceTitle "Bundesliga 0102"]
[Source "DeepChess"]
[SourceDate "2005.01.01"]
[SourceVersion "1"]
[SourceVersionDate "2005.01.01"]
[SourceQuality "1"]
[WhiteTeam "SF Neukoelln 03 e.V."]
[BlackTeam "SGEM Heiligenhaus 1937 e. V."]
[WhiteTeamCountry "GER"]
[BlackTeamCountry "GER"]

1. e4 c5 2. Nf3 d6 3. d4 cxd4 4. Nxd4 Nf6 5. Nc3 a6 6. Bc4 e6 7. Bb3 Qc7 8. g4
h6 9. g5 hxg5 10. Bxg5 Nc6 11. Qd2 Bd7 12. O-O-O b5 13. Rhe1 Rxh2 14. Nd5 Nxd5
15. Nxe6 fxe6 16. exd5 Ne7 17. dxe6 Bc6 18. Qf4 Rh8 19. Rxd6 1-0

[Event "Bundesliga 0102"]
[Site "Deutschland"]
[Date "2001.10.07"]
[Round "2.4"]
[White "Schmitz, Andreas Arnold"]
[Black "Borriss, Martin"]
[Result "0-1"]
[WhiteElo "2185"]
[BlackElo "2445"]
[PlyCount "86"]
[EventDate "2001.10.06"]
[EventType "team"]
[EventRounds "15"]
[EventCountry "GER"]
[SourceTitle "Bundesliga 0102"]
[Source "DeepChess"]
[SourceDate "2005.01.01"]
[SourceVersion "1"]
[SourceVersionDate "2005.01.01"]
[SourceQuality "1"]
[WhiteTeam "SGEM Heiligenhaus 1937 e. V."]
[BlackTeam "SF Neukoelln 03 e.V."]
[WhiteTeamCountry "GER"]
[BlackTeamCountry "GER"]

1. e4 c5 2. c3 d5 3. exd5 Qxd5 4. d4 Nf6 5. Nf3 Nc6 6. Be2 cxd4 7. cxd4 e6 8.
Nc3 Qd8 9. O-O Be7 10. h3 O-O 11. Be3 b6 12. Ne5 Nb4 13. a3 Nbd5 14. Nc6 Qd7
15. Nxe7+ Nxe7 16. Rc1 Bb7 17. Bf3 Bxf3 18. Qxf3 Nfd5 19. Nxd5 Nxd5 20. Rc2
Rac8 21. Rfc1 Rxc2 22. Rxc2 a5 23. Qg3 f6 24. Bc1 Rc8 25. Qd3 Rc7 26. Bd2 Qc8
27. Rxc7 Qxc7 28. Qb5 Kf7 29. Qd3 f5 30. g3 Qc6 31. Bc3 h6 32. Qf3 g6 33. Kh2
Qc4 34. Kg2 Kf6 35. g4 g5 36. Qg3 Nf4+ 37. Kh2 Kg6 38. gxf5+ exf5 39. h4 Qd5
40. hxg5 hxg5 41. f3 Qb7 42. Qe1 Qxf3 43. Qe8+ Kh7 0-1

[Event "Bundesliga 0102"]
[Site "Deutschland"]
[Date "2001.10.07"]
[Round "2.5"]
[White "Polzin, Rainer"]
[Black "Lindner, Arnd"]
[Result "1-0"]
[WhiteElo "2469"]
[BlackElo "2120"]
[PlyCount "63"]
[EventDate "2001.10.06"]
[EventType "team"]
[EventRounds "15"]
[EventCountry "GER"]
[SourceTitle "Bundesliga 0102"]
[Source "DeepChess"]
[SourceDate "2005.01.01"]
[SourceVersion "1"]
[SourceVersionDate "2005.01.01"]
[SourceQuality "1"]
[WhiteTeam "SF Neukoelln 03 e.V."]
[BlackTeam "SGEM Heiligenhaus 1937 e. V."]
[WhiteTeamCountry "GER"]
[BlackTeamCountry "GER"]

1. e4 c5 2. Nc3 Nc6 3. Nge2 Nf6 4. d4 cxd4 5. Nxd4 e5 6. Ndb5 d6 7. Bg5 a6 8.
Na3 b5 9. Bxf6 gxf6 10. Nd5 f5 11. c3 fxe4 12. Bxb5 axb5 13. Nxb5 Be6 14. Nbc7+
Kd7 15. Nxa8 Bxd5 16. Qxd5 Qxa8 17. Qxf7+ Be7 18. Qf5+ Kc7 19. Qxe4 Qb7 20. b4
Nd8 21. Qxb7+ Kxb7 22. Ke2 Ne6 23. g3 Rc8 24. Rhc1 d5 25. Rd1 d4 26. cxd4 Nxd4+
27. Kd3 Bf6 28. Ke4 Rc4 29. Rac1 Rxb4 30. Rb1 Rxb1 31. Rxb1+ Kc6 32. a4 1-0

[Event "Bundesliga 0102"]
[Site "Deutschland"]
[Date "2001.10.07"]
[Round "2.6"]
[White "Heller, Achim"]
[Black "Hellsten, Johan"]
[Result "0-1"]
[WhiteElo "2027"]
[BlackElo "2471"]
[PlyCount "94"]
[EventDate "2001.10.06"]
[EventType "team"]
[EventRounds "15"]
[EventCountry "GER"]
[SourceTitle "Bundesliga 0102"]
[Source "DeepChess"]
[SourceDate "2005.01.01"]
[SourceVersion "1"]
[SourceVersionDate "2005.01.01"]
[SourceQuality "1"]
[WhiteTeam "SGEM Heiligenhaus 1937 e. V."]
[BlackTeam "SF Neukoelln 03 e.V."]
[WhiteTeamCountry "GER"]
[BlackTeamCountry "GER"]

1. d4 Nf6 2. c4 e6 3. Nc3 Bb4 4. Qc2 O-O 5. Bg5 c5 6. e3 h6 7. Bh4 cxd4 8. exd4
Nc6 9. Nf3 Be7 10. Rd1 d6 11. h3 Nh5 12. Bxe7 Nxe7 13. g3 Bd7 14. Bg2 Rc8 15.
Qe2 Nf6 16. O-O Re8 17. Nd2 Nf5 18. Nde4 Nxe4 19. Bxe4 d5 20. Bd3 Nxd4 21. Bh7+
Kxh7 22. Rxd4 Rxc4 23. Rxc4 dxc4 24. Qe4+ Kg8 25. Qxb7 Qc8 26. Qxc8 Rxc8 27.
Rd1 Rc7 28. h4 e5 29. f3 Rb7 30. Rd2 f5 31. Kf2 Kf7 32. Nd5 Be6 33. Nc3 g5 34.
hxg5 hxg5 35. f4 Kf6 36. fxe5+ Kxe5 37. Re2+ Kf6 38. Rd2 Rh7 39. Kg2 Bc8 40.
Rd6+ Ke5 41. Rd5+ Ke6 42. Rc5 Bb7+ 43. Kf2 Rh2+ 44. Ke1 Rxb2 45. Rxc4 Rg2 46.
Ne2 Rxe2+ 47. Kxe2 Ba6 0-1

[Event "Bundesliga 0102"]
[Site "Deutschland"]
[Date "2001.10.07"]
[Round "2.7"]
[White "Poldauf, Dirk"]
[Black "Kesseler, Heiko"]
[Result "1-0"]
[WhiteElo "2403"]
[BlackElo "2057"]
[PlyCount "51"]
[EventDate "2001.10.06"]
[EventType "team"]
[EventRounds "15"]
[EventCountry "GER"]
[SourceTitle "Bundesliga 0102"]
[Source "DeepChess"]
[SourceDate "2005.01.01"]
[SourceVersion "1"]
[SourceVersionDate "2005.01.01"]
[SourceQuality "1"]
[WhiteTeam "SF Neukoelln 03 e.V."]
[BlackTeam "SGEM Heiligenhaus 1937 e. V."]
[WhiteTeamCountry "GER"]
[BlackTeamCountry "GER"]

1. c4 e5 2. Nc3 Nc6 3. Nf3 g6 4. d4 exd4 5. Nxd4 Bg7 6. Nxc6 bxc6 7. g3 Ne7 8.
Bg2 O-O 9. O-O d6 10. Qa4 Bd7 11. c5 d5 12. e4 f5 13. exd5 cxd5 14. Qh4 Bf6 15.
Bg5 Bxg5 16. Qxg5 c6 17. Rfe1 Rf7 18. Re5 Kg7 19. Rae1 h6 20. Qd2 Rb8 21. Ne2
g5 22. Nd4 Rb7 23. Re6 Qf8 24. Qe2 Ng6 25. Qh5 Nh8 26. Rxh6 1-0

[Event "Bundesliga 0102"]
[Site "Deutschland"]
[Date "2001.10.07"]
[Round "2.8"]
[White "Perschke, Ulrich"]
[Black "Rudolf, Henrik"]
[Result "1/2-1/2"]
[WhiteElo "2216"]
[BlackElo "2328"]
[PlyCount "125"]
[EventDate "2001.10.06"]
[EventType "team"]
[EventRounds "15"]
[EventCountry "GER"]
[SourceTitle "Bundesliga 0102"]
[Source "DeepChess"]
[SourceDate "2005.01.01"]
[SourceVersion "1"]
[SourceVersionDate "2005.01.01"]
[SourceQuality "1"]
[WhiteTeam "SGEM Heiligenhaus 1937 e. V."]
[BlackTeam "SF Neukoelln 03 e.V."]
[WhiteTeamCountry "GER"]
[BlackTeamCountry "GER"]

1. e4 g6 2. d4 Bg7 3. Nf3 d6 4. Nc3 Nf6 5. h3 O-O 6. Be3 a6 7. a4 b6 8. Bd3 Bb7
9. O-O Nbd7 10. Qe2 e5 11. dxe5 Nxe5 12. Nxe5 dxe5 13. Rfd1 Qe7 14. f3 Rfd8 15.
Bc4 Qb4 16. Bb3 Bf8 17. Na2 Qe7 18. Qc4 Ne8 19. Nc3 Nd6 20. Qe2 a5 21. Nd5 Bxd5
22. Bxd5 Rab8 23. Rd2 h5 24. g4 Qh4 25. Qg2 hxg4 26. hxg4 Be7 27. Qh2 Qxh2+ 28.
Rxh2 Bf6 29. Bh6 Ne8 30. Kg2 Bg7 31. Bg5 Nf6 32. Rah1 Rd6 33. Kg3 Nxd5 34. exd5
Rxd5 35. Bh6 Rbd8 36. Bg5 R8d7 37. b3 Rd1 38. Rxd1 Rxd1 39. Bd2 Kf8 40. Re2 c6
41. g5 f5 42. gxf6 Bxf6 43. Bc3 Kf7 44. Kf2 Rd5 45. Ke3 g5 46. Ke4 Ke6 47. Rh2
Rd1 48. Bd2 Rg1 49. Be3 Re1 50. Rh6 b5 51. Kd3 Kf5 52. Bd2 Rf1 53. axb5 cxb5
54. Ke2 Ra1 55. Bc3 Ra2 56. Kd3 b4 57. Bd2 a4 58. Bxb4 axb3 59. cxb3 Rb2 60.
Kc4 Rf2 61. Rh3 Kf4 62. Rh6 Kf5 63. Rh3 1/2-1/2

[Event "Bundesliga 0102"]
[Site "Deutschland"]
[Date "2001.10.07"]
[Round "2.2"]
[White "Bischoff, Klaus"]
[Black "Rozentalis, Eduardas"]
[Result "1/2-1/2"]
[WhiteElo "2541"]
[BlackElo "2588"]
[PlyCount "89"]
[EventDate "2001.10.06"]
[EventType "team"]
[EventRounds "15"]
[EventCountry "GER"]
[SourceTitle "Bundesliga 0102"]
[Source "DeepChess"]
[SourceDate "2005.01.01"]
[SourceVersion "1"]
[SourceVersionDate "2005.01.01"]
[SourceQuality "1"]
[WhiteTeam "SK Koenig Plauen"]
[BlackTeam "SV Castrop Rauxel 1923"]
[WhiteTeamCountry "GER"]
[BlackTeamCountry "GER"]

1. Nf3 Nf6 2. d4 e6 3. c4 b6 4. a3 Bb7 5. Nc3 d5 6. Bg5 Be7 7. Bxf6 Bxf6 8.
cxd5 exd5 9. g3 O-O 10. Bg2 c5 11. O-O Na6 12. e3 Re8 13. Rc1 Rc8 14. h4 Nc7
15. Qd2 c4 16. b3 cxb3 17. Qb2 Ba6 18. Rfd1 Bc4 19. Nd2 Qd6 20. Nce4 dxe4 21.
Rxc4 Nb5 22. Qxb3 Rxc4 23. Nxc4 Qd5 24. Rb1 Nd6 25. Nxd6 Qxd6 26. Rc1 Kf8 27.
Rc3 Bd8 28. a4 g6 29. Qb5 f5 30. Rc6 Qe7 31. Bf1 Kg7 32. Qb2 Bc7 33. Bb5 Rd8
34. Qc3 Bd6 35. Rc4 Rb8 36. Kg2 Rb7 37. Rc6 Rc7 38. Qc4 Rxc6 39. Qxc6 Kh6 40.
Qd5 Qf6 41. Bc4 Qe7 42. Kh3 Qf6 43. Kg2 Qe7 44. Kf1 Qd7 45. Bb5 1/2-1/2

[Event "Bundesliga 0102"]
[Site "Deutschland"]
[Date "2001.10.07"]
[Round "2.3"]
[White "De Vreugt, Dennis"]
[Black "Markowski, Tomasz"]
[Result "1/2-1/2"]
[WhiteElo "2429"]
[BlackElo "2548"]
[PlyCount "62"]
[EventDate "2001.10.06"]
[EventType "team"]
[EventRounds "15"]
[EventCountry "GER"]
[SourceTitle "Bundesliga 0102"]
[Source "DeepChess"]
[SourceDate "2005.01.01"]
[SourceVersion "1"]
[SourceVersionDate "2005.01.01"]
[SourceQuality "1"]
[WhiteTeam "SV Castrop Rauxel 1923"]
[BlackTeam "SK Koenig Plauen"]
[WhiteTeamCountry "GER"]
[BlackTeamCountry "GER"]

1. e4 e5 2. Nf3 Nc6 3. Bb5 Nf6 4. O-O Nxe4 5. d4 Nd6 6. Bxc6 dxc6 7. dxe5 Nf5
8. Qxd8+ Kxd8 9. Nc3 Ne7 10. b3 Ng6 11. Bb2 Ke8 12. Ne4 h6 13. h3 c5 14. Kh2
Be6 15. Rae1 Kd7 16. Ng1 Kc6 17. f4 Ne7 18. g4 g6 19. c4 b6 20. Re3 h5 21. Kg3
h4+ 22. Kh2 Bh6 23. Ref3 Rhf8 24. f5 gxf5 25. gxf5 Bd7 26. Nf6 Rad8 27. Nxd7
Rxd7 28. Bc3 Rg8 29. Ne2 Bd2 30. Rg1 Bxc3 31. Nxc3 Rd2+ 1/2-1/2

[Event "Bundesliga 0102"]
[Site "Deutschland"]
[Date "2001.10.07"]
[Round "2.4"]
[White "Boensch, Uwe"]
[Black "Doettling, Fabian"]
[Result "1/2-1/2"]
[WhiteElo "2542"]
[BlackElo "2518"]
[PlyCount "49"]
[EventDate "2001.10.06"]
[EventType "team"]
[EventRounds "15"]
[EventCountry "GER"]
[SourceTitle "Bundesliga 0102"]
[Source "DeepChess"]
[SourceDate "2005.01.01"]
[SourceVersion "1"]
[SourceVersionDate "2005.01.01"]
[SourceQuality "1"]
[WhiteTeam "SK Koenig Plauen"]
[BlackTeam "SV Castrop Rauxel 1923"]
[WhiteTeamCountry "GER"]
[BlackTeamCountry "GER"]

1. d4 d5 2. c4 e6 3. Nc3 Be7 4. Nf3 Nf6 5. Bg5 O-O 6. e3 Nbd7 7. cxd5 exd5 8.
Bd3 c6 9. Qc2 Re8 10. O-O Nf8 11. Bxf6 Bxf6 12. b4 Bg4 13. Nd2 Rc8 14. h3 Be6
15. Nb3 Be7 16. Nc5 Bxc5 17. bxc5 Rc7 18. Rae1 Rce7 19. Nd1 Qa5 20. Re2 Bd7 21.
f4 h6 22. Rfe1 b6 23. cxb6 axb6 24. Qc3 Qa7 25. Nf2 1/2-1/2

[Event "Bundesliga 0102"]
[Site "Deutschland"]
[Date "2001.10.07"]
[Round "2.7"]
[White "Dinstuhl, Volkmar"]
[Black "Kuraszkiewicz, Michael"]
[Result "1-0"]
[WhiteElo "2402"]
[BlackElo "2350"]
[PlyCount "81"]
[EventDate "2001.10.06"]
[EventType "team"]
[EventRounds "15"]
[EventCountry "GER"]
[SourceTitle "Bundesliga 0102"]
[Source "DeepChess"]
[SourceDate "2005.01.01"]
[SourceVersion "1"]
[SourceVersionDate "2005.01.01"]
[SourceQuality "1"]
[WhiteTeam "SV Castrop Rauxel 1923"]
[BlackTeam "SK Koenig Plauen"]
[WhiteTeamCountry "GER"]
[BlackTeamCountry "GER"]

1. d4 Nf6 2. c4 e6 3. Nc3 c5 4. d5 exd5 5. cxd5 d6 6. e4 g6 7. h3 Bg7 8. Bd3
O-O 9. Bg5 b6 10. Nf3 h6 11. Be3 Ba6 12. O-O Re8 13. Re1 Bxd3 14. Qxd3 a6 15.
a4 Nh5 16. g4 Nf6 17. Bf4 h5 18. e5 dxe5 19. Nxe5 hxg4 20. hxg4 Rxe5 21. Bxe5
Nbd7 22. Bg3 Nxg4 23. d6 Bd4 24. Qe4 Ndf6 25. Qf3 Ra7 26. Nd5 Nxd5 27. Qxd5 Kg7
28. Re4 f5 29. Rxd4 cxd4 30. f3 Nh6 31. Qxd4+ Kh7 32. Kg2 Rf7 33. Rd1 Rd7 34.
Qe5 Rf7 35. Qe6 f4 36. Rh1 Qf8 37. d7 Kg7 38. Be1 Ng8 39. Bc3+ Nf6 40. d8=Q
Qxd8 41. Rh7+ 1-0

[Event "Bundesliga 0102"]
[Site "Deutschland"]
[Date "2001.10.07"]
[Round "2.8"]
[White "Schaller, Sven"]
[Black "Lemmers, Oscar"]
[Result "1/2-1/2"]
[WhiteElo "2301"]
[BlackElo "2398"]
[PlyCount "92"]
[EventDate "2001.10.06"]
[EventType "team"]
[EventRounds "15"]
[EventCountry "GER"]
[SourceTitle "Bundesliga 0102"]
[Source "DeepChess"]
[SourceDate "2005.01.01"]
[SourceVersion "1"]
[SourceVersionDate "2005.01.01"]
[SourceQuality "1"]
[WhiteTeam "SK Koenig Plauen"]
[BlackTeam "SV Castrop Rauxel 1923"]
[WhiteTeamCountry "GER"]
[BlackTeamCountry "GER"]

1. Nf3 c5 2. b3 b6 3. e3 Nf6 4. Bb2 e6 5. Be2 Be7 6. O-O Bb7 7. c4 O-O 8. Nc3
d5 9. cxd5 exd5 10. d4 Na6 11. Rc1 Qc8 12. Ne5 Rd8 13. Bd3 Nb4 14. Bb1 Ne4 15.
a3 Na6 16. dxc5 bxc5 17. Nxe4 dxe4 18. Qc2 Qe6 19. f3 Bf6 20. f4 Bxe5 21. Bxe5
f6 22. Bc3 Rab8 23. b4 cxb4 24. axb4 Qb6 25. Ba2+ Kh8 26. Bd4 Rxd4 27. exd4
Nxb4 28. Qb2 Nd3 29. Qxb6 axb6 30. Rc7 Ba6 31. Bc4 Bxc4 32. Rxc4 e3 33. Rc3 e2
34. Rxd3 exf1=Q+ 35. Kxf1 b5 36. Ke2 Kg8 37. Rc3 Kf7 38. Kd3 Ke6 39. Rc7 b4 40.
Kc2 b3+ 41. Kb2 Rb4 42. Rxg7 Rxd4 43. Kxb3 Rxf4 44. Rxh7 Rg4 45. g3 f5 46. Ra7
f4 1/2-1/2

[Event "Bundesliga 0102"]
[Site "Deutschland"]
[Date "2001.11.24"]
[Round "3.2"]
[White "Kuczynski, Robert"]
[Black "Sokolov, Andrei"]
[Result "1/2-1/2"]
[WhiteElo "2470"]
[BlackElo "2604"]
[PlyCount "101"]
[EventDate "2001.10.06"]
[EventType "team"]
[EventRounds "15"]
[EventCountry "GER"]
[SourceTitle "Bundesliga 0102"]
[Source "DeepChess"]
[SourceDate "2005.01.01"]
[SourceVersion "1"]
[SourceVersionDate "2005.01.01"]
[SourceQuality "1"]
[WhiteTeam "Erfurter SK"]
[BlackTeam "TV Tegernsee"]
[WhiteTeamCountry "GER"]
[BlackTeamCountry "GER"]

1. e4 c5 2. Nf3 e6 3. d4 cxd4 4. Nxd4 Nf6 5. Nc3 d6 6. Be2 Be7 7. O-O O-O 8. f4
Nc6 9. Be3 a6 10. Kh1 Bd7 11. Qe1 b5 12. a3 Nxd4 13. Bxd4 Bc6 14. Qg3 Qc7 15.
Rae1 Rac8 16. Bf3 Rfd8 17. e5 dxe5 18. Bxe5 Qa7 19. Bxc6 Rxc6 20. Ne4 Ne8 21.
c3 Rd5 22. Rd1 Qd7 23. Qf3 f6 24. Bd4 Nd6 25. Nxd6 Rcxd6 26. Rde1 Bd8 27. Re4
Bb6 28. Bxb6 Rxb6 29. Rfe1 Rbd6 30. h3 Rd3 31. R4e3 Rxe3 32. Rxe3 h6 33. Qa8+
Kf7 34. Qf3 Rd5 35. Qe4 Rd1+ 36. Kh2 Qd5 37. Qxd5 Rxd5 38. Re4 Rd2 39. Rb4 g5
40. fxg5 hxg5 41. a4 bxa4 42. h4 gxh4 43. Rxa4 e5 44. Rxa6 e4 45. b4 e3 46. Ra1
Ke6 47. Re1 Rd3 48. b5 Kd5 49. b6 Kc6 50. Kh3 Kxb6 51. Kxh4 1/2-1/2

[Event "Bundesliga 0102"]
[Site "Deutschland"]
[Date "2001.11.24"]
[Round "3.3"]
[White "Hertneck, Gerald"]
[Black "Paehtz, Thomas Sr"]
[Result "1-0"]
[WhiteElo "2572"]
[BlackElo "2451"]
[PlyCount "75"]
[EventDate "2001.10.06"]
[EventType "team"]
[EventRounds "15"]
[EventCountry "GER"]
[SourceTitle "Bundesliga 0102"]
[Source "DeepChess"]
[SourceDate "2005.01.01"]
[SourceVersion "1"]
[SourceVersionDate "2005.01.01"]
[SourceQuality "1"]
[WhiteTeam "TV Tegernsee"]
[BlackTeam "Erfurter SK"]
[WhiteTeamCountry "GER"]
[BlackTeamCountry "GER"]

1. d4 Nf6 2. c4 d6 3. Nc3 Nbd7 4. e4 e5 5. Nge2 c6 6. g3 a6 7. a4 a5 8. Bg2 Be7
9. O-O O-O 10. b3 Re8 11. Ra2 Bf8 12. h3 Qb6 13. Be3 exd4 14. Bxd4 Nc5 15. Bxf6
gxf6 16. Nd4 Qb4 17. Qc2 f5 18. exf5 Bg7 19. Nce2 d5 20. Rd1 dxc4 21. bxc4 Nd7
22. Bf1 Qc5 23. Nb3 Qe5 24. Nf4 Nf6 25. Bd3 c5 26. Nd2 b6 27. Nf3 Qc7 28. Nd5
Nxd5 29. cxd5 Bb7 30. Bb5 Red8 31. f6 Bxf6 32. Qf5 Rd6 33. Re2 Rad8 34. Rde1
Bc8 35. Qf4 Bd7 36. Re7 Bxe7 37. Rxe7 f6 38. Qh6 1-0

[Event "Bundesliga 0102"]
[Site "Deutschland"]
[Date "2001.11.24"]
[Round "3.4"]
[White "Fontaine, Robert"]
[Black "Beim, Valery"]
[Result "1/2-1/2"]
[WhiteElo "2452"]
[BlackElo "2527"]
[PlyCount "83"]
[EventDate "2001.10.06"]
[EventType "team"]
[EventRounds "15"]
[EventCountry "GER"]
[SourceTitle "Bundesliga 0102"]
[Source "DeepChess"]
[SourceDate "2005.01.01"]
[SourceVersion "1"]
[SourceVersionDate "2005.01.01"]
[SourceQuality "1"]
[WhiteTeam "Erfurter SK"]
[BlackTeam "TV Tegernsee"]
[WhiteTeamCountry "GER"]
[BlackTeamCountry "GER"]

1. e4 d6 2. d4 Nf6 3. Nc3 g6 4. Be3 Bg7 5. Qd2 O-O 6. Nf3 a6 7. Bd3 b5 8. a4 b4
9. Ne2 a5 10. Ng3 Ng4 11. Bg5 f6 12. Bf4 e5 13. dxe5 dxe5 14. Bc4+ Kh8 15. Qxd8
Rxd8 16. Bd2 Nd7 17. h3 Nb6 18. Bb3 Nh6 19. O-O-O Ba6 20. Be3 Nc4 21. Bxc4 Bxc4
22. b3 Be6 23. Rxd8+ Rxd8 24. Rd1 Ra8 25. Bc5 Nf7 26. Ne1 Nd8 27. Nd3 Bh6+ 28.
Kb2 Nb7 29. Be7 Kg7 30. Nc5 Kf7 31. Nxb7 Kxe7 32. Nc5 Bc8 33. Nf1 Rb8 34. Nd2
Bxd2 35. Rxd2 Rb6 36. f3 Rc6 37. Rd5 g5 38. Kc1 Rd6 39. Rxd6 cxd6 40. Nd3 Ke6
41. g4 d5 42. Kd2 1/2-1/2

[Event "Bundesliga 0102"]
[Site "Deutschland"]
[Date "2001.11.24"]
[Round "3.5"]
[White "Teske, Henrik"]
[Black "Mueller, Matthias"]
[Result "1-0"]
[WhiteElo "2486"]
[BlackElo "2402"]
[PlyCount "63"]
[EventDate "2001.10.06"]
[EventType "team"]
[EventRounds "15"]
[EventCountry "GER"]
[SourceTitle "Bundesliga 0102"]
[Source "DeepChess"]
[SourceDate "2005.01.01"]
[SourceVersion "1"]
[SourceVersionDate "2005.01.01"]
[SourceQuality "1"]
[WhiteTeam "TV Tegernsee"]
[BlackTeam "Erfurter SK"]
[WhiteTeamCountry "GER"]
[BlackTeamCountry "GER"]

1. d4 d5 2. c4 e6 3. Nf3 c6 4. Nbd2 Nf6 5. g3 Be7 6. Bg2 O-O 7. O-O Nbd7 8. Qc2
b6 9. e4 Bb7 10. b3 Rc8 11. e5 Ne8 12. Bb2 Nc7 13. Rac1 c5 14. Rfd1 a5 15. h4
h6 16. Qd3 cxd4 17. Qe2 dxc4 18. Nxc4 Nd5 19. Nxd4 Nc5 20. Nb5 Ba6 21. Nbd6
Bxd6 22. exd6 Bxc4 23. Qg4 Nf6 24. Qxc4 Nfd7 25. a3 a4 26. bxa4 e5 27. Qb5 Re8
28. Bc6 Rxc6 29. Qxc6 e4 30. Bd4 Nb3 31. Rc3 Nxd4 32. Rxd4 1-0

[Event "Bundesliga 0102"]
[Site "Deutschland"]
[Date "2001.11.24"]
[Round "3.7"]
[White "Gross, David2"]
[Black "Troyke, Christian"]
[Result "1-0"]
[WhiteElo "2463"]
[BlackElo "2347"]
[PlyCount "80"]
[EventDate "2001.10.06"]
[EventType "team"]
[EventRounds "15"]
[EventCountry "GER"]
[SourceTitle "Bundesliga 0102"]
[Source "DeepChess"]
[SourceDate "2005.01.01"]
[SourceVersion "1"]
[SourceVersionDate "2005.01.01"]
[SourceQuality "1"]
[WhiteTeam "TV Tegernsee"]
[BlackTeam "Erfurter SK"]
[WhiteTeamCountry "GER"]
[BlackTeamCountry "GER"]

1. e4 c5 2. Nf3 Nc6 3. Bb5 g6 4. Bxc6 bxc6 5. O-O Bg7 6. Re1 Nh6 7. c3 O-O 8.
h3 f6 9. d4 cxd4 10. cxd4 Nf7 11. b3 d6 12. Bb2 Qa5 13. Nc3 Rb8 14. Rc1 Ba6 15.
Na4 Rfc8 16. e5 Bb5 17. Bc3 Qc7 18. Nb2 d5 19. exf6 exf6 20. Bb4 Re8 21. Qc2
Bh6 22. Bd2 Bf8 23. Rxe8 Rxe8 24. a4 Be2 25. Ne1 Ba3 26. Be3 Ba6 27. Qxc6 Qxc6
28. Rxc6 Bb7 29. Rc7 Nd8 30. Nbd3 Bd6 31. Rc1 Nc6 32. Nc5 Ba8 33. Ned3 a5 34.
Nd7 Kf7 35. Nb6 Bb7 36. Nc5 Bxc5 37. Rxc5 Nb4 38. Bd2 Nd3 39. Rxa5 Re2 40. Be3
Re1+ 1-0